[Event "ROM-ch U14 Girls"]
[White "Colonescu, Anna Diana"]
[Black "Balan, Briana Cleopatra"]
[Site "Calimanesti"]
[Round "8"]
[Result "0-1"]
[Date "2014.04.12"]
[WhiteElo "1487"]
[BlackElo "1459"]
[PlyCount "80"]
[EventDate "2014.04.06"]
[EventType "swiss"]
[EventRounds "9"]
[EventCountry "ROU"]
[SourceTitle "CBM 160 Extra"]
[Source "ChessBase"]
[SourceDate "2014.07.01"]
[SourceVersion "1"]
[SourceVersionDate "2014.07.01"]
[SourceQuality "1"]

1. e4 c5 2. Nf3 e6 3. d4 cxd4 4. Nxd4 d6 5. Nc3 a6 6. Be3 Nf6 7. Bd3 Be7 8. 0-0 b5 9. a3 Bb7 10. Qf3 0-0 11. Qg3 Kh8 12. Qh3 Nbd7 13. f4 Qc7 14. Nf3 e5 15. Rf2 Nc5 16. fxe5 dxe5 17. Ng5 h6 18. Rf5 Bc8 19. Raf1 Bxf5 20. Rxf5 Nxd3 21. cxd3 Qd6 22. Nf3 Nd7 23. Nd5 Kg8 24. Bxh6 gxh6 25. Nxe7+ Qxe7 26. Qxh6 f6 27. Nh4 Qg7 28. Qh5 Rf7 29. Ng6 Qh7 30. Qg4 Rg7 31. Ne7+ Kf8 32. Rh5 Rxg4 33. Rxh7 Ra7 34. Nc6 Rc7 35. Nd8 Kg8 36. Re7 Rg7 37. Re8+ Kh7 38. Ne6 Rc1+ 39. Kf2 Rf7 40. Nc7 Rxc7 0-1

[Event "ROM-ch U14 Girls"]
[White "Mos, Maria Magdalena"]
[Black "Colonescu, Anna Diana"]
[Site "Calimanesti"]
[Round "7"]
[Result "1/2-1/2"]
[Date "2014.04.11"]
[WhiteElo "1400"]
[BlackElo "1487"]
[PlyCount "84"]
[EventDate "2014.04.06"]
[EventType "swiss"]
[EventRounds "9"]
[EventCountry "ROU"]
[SourceTitle "CBM 160 Extra"]
[Source "ChessBase"]
[SourceDate "2014.07.01"]
[SourceVersion "1"]
[SourceVersionDate "2014.07.01"]
[SourceQuality "1"]

1. e4 c6 2. Nf3 d5 3. exd5 cxd5 4. d4 Nf6 5. h3 Bf5 6. Be2 Nc6 7. a3 Qb6 8. b4 a6 9. 0-0 e6 10. Bf4 Be7 11. c3 0-0 12. Nbd2 Ne4 13. Nxe4 Bxe4 14. Nd2 Bf5 15. Nf3 Rac8 16. Bd3 Bg6 17. Qe2 Na7 18. Rfc1 Bxd3 19. Qxd3 Nb5 20. a4 Nd6 21. Ng5 g6 22. Qg3 Rc6 23. Qh4 Bxg5 24. Bxg5 Nf5 25. Qf4 f6 26. Bh6 Rfc8 27. Ra3 g5 28. Bxg5 fxg5 29. Qxg5+ Ng7 30. h4 Qd8 31. Qg4 Kh8 32. g3 Nf5 33. Qf4 Qe7 34. b5 Qxa3 35. bxc6 bxc6 36. Rb1 Qe7 37. Rb6 Qa7 38. Qe5+ Ng7 39. a5 Kg8 40. h5 Kf7 41. Qf4+ Ke8 42. Qe5 h6 1/2-1/2

[Event "ROM-ch U12 Girls"]
[White "Colonescu, Anna Diana"]
[Black "Coman, Emilia Florentina"]
[Site "Calimanesti"]
[Round "8"]
[Result "0-1"]
[Date "2013.04.07"]
[WhiteElo "1526"]
[BlackElo "1609"]
[PlyCount "102"]
[EventDate "2013.04.02"]
[EventType "swiss"]
[EventRounds "9"]
[EventCountry "ROU"]
[SourceTitle "CBM 153 Extra"]
[Source "ChessBase"]
[SourceDate "2013.04.22"]
[SourceVersion "1"]
[SourceVersionDate "2013.04.22"]
[SourceQuality "1"]

1. e4 e6 2. d4 d5 3. exd5 exd5 4. Bd3 Nc6 5. c3 Bd6 6. Qf3 Nf6 7. h3 h6 8. Ne2 0-0 9. 0-0 Be6 10. Bf4 a6 11. Nd2 Be7 12. Rfe1 Qd7 13. Be3 Kh8 14. Nf4 Bf5 15. Re2 g5 16. Nh5 Bxd3 17. Nxf6 Qe6 18. Ng4 Bxe2 19. Qxe2 f5 20. Nh2 f4 21. Qh5 fxe3 22. Ndf3 exf2+ 23. Kf1 Kh7 24. h4 Qg6 25. Qg4 gxh4 26. Qd7 Qd6 27. Qh3 Qg6 28. Qd7 Qd6 29. Qh3 Qg3 30. Qd7 Rad8 31. Qe6 Rd6 32. Qe3 Qf4 33. Qd3+ Qe4 34. Qd2 Qf4 35. Qd3+ Qf5 36. Qd2 Re6 37. Qxf2 Qd3+ 38. Kg1 Qe3 39. Ng4 Qxf2+ 40. Nxf2 Re2 41. Rb1 Bg5 42. Nd3 h3 43. Rf1 Rxg2+ 44. Kh1 Kg7 45. Nc5 Rf6 46. Nxb7 Rg3 47. Nh2 Rxf1+ 48. Nxf1 Rg2 49. Nc5 Rxb2 50. Ne6+ Kf7 51. Nxc7 Rb1 0-1

[Event "ROM-ch U12 Girls"]
[White "Panainte, Andreea Bianca"]
[Black "Colonescu, Anna Diana"]
[Site "Calimanesti"]
[Round "7"]
[Result "0-1"]
[Date "2013.04.06"]
[WhiteElo "1450"]
[BlackElo "1526"]
[PlyCount "92"]
[EventDate "2013.04.02"]
[EventType "swiss"]
[EventRounds "9"]
[EventCountry "ROU"]
[SourceTitle "CBM 153 Extra"]
[Source "ChessBase"]
[SourceDate "2013.04.22"]
[SourceVersion "1"]
[SourceVersionDate "2013.04.22"]
[SourceQuality "1"]

1. e4 c6 2. d4 d5 3. Nc3 dxe4 4. Nxe4 Bf5 5. Ng3 Bg6 6. h4 h6 7. Nf3 Nf6 8. Ne5 Bh7 9. Bc4 e6 10. Qe2 Be7 11. Nxf7 Kxf7 12. Qxe6+ Ke8 13. Qf7+ Kd7 14. Be6+ Kc7 15. Bf4+ Kb6 16. c4 a6 17. Be3 Bb4+ 18. Kf1 Qf8 19. c5+ Ka7 20. Qc7 Qd8 21. Qxg7 Bd3+ 22. Kg1 Rh7 23. Qxh7 Nxh7 24. a3 Ba5 25. b4 Bc7 26. Bf5 Bxf5 27. Nxf5 Qf6 28. Nd6 Bxd6 29. cxd6 Qxd6 30. d5+ b6 31. Rh3 cxd5 32. Rg3 Qf6 33. Rd1 Qe5 34. Rg6 Nd7 35. Rxh6 Nhf6 36. Bd4 Qf4 37. Be3 Qf5 38. Rc1 Ng4 39. Rhc6 Rb8 40. Rc7+ Rb7 41. R7c3 Qe5 42. Bg5 Qh2+ 43. Kf1 Qh1+ 44. Ke2 Qxg2 45. Rf3 Nde5 46. Rf5 Qe4+ 0-1